Landmarks in Movies Quiz Stats

 Plays Quiz Updated Nov 27, 2017

Score 0/20 Timer 05:00
0 Plays Today
% Correct
Ratatouille
93.8%
Finding Nemo
92.7%
King Kong
89.5%
Minions
87.2%
Gladiator
85%
Indiana Jones and the Last Crusade
75.3%
Planet of the Apes
74.3%
Wedding Crashers
68.1%
Splash
51.9%
X-Men: First Class
47.7%
% Correct
Monsters vs. Aliens
46.3%
Midnight in Paris
46%
Roman Holiday
43.1%
North by Northwest
42.9%
28 Days Later
42.4%
Transformers: Revenge of the Fallen
40.7%
Mars Attacks!
36.2%
Sleepless in Seattle
35.8%
Shanghai Knights
29.9%
Vertigo
22.7%

You're not logged in!

Compare scores with friends on all Sporcle quizzes.
OR
Log In

You Might Also Like...

Show Comments

Extras

Top Quizzes Today


Score Distribution

Your Account Isn't Verified!

In order to create a playlist on Sporcle, you need to verify the email address you used during registration. Go to your Sporcle Settings to finish the process.

Report this User

Report this user for behavior that violates our Community Guidelines.

Details: